Loading...
| History - World History | 0 | 6 | 1 | 0 | 55 | 22 | 55.67 | 6 | 6 |
| History - European History | 0 | 5 | 0 | 3 | 50 | 79 | 117.40 | 2 | 5 |
| History - Other History | 0 | 5 | 1 | 0 | 45 | 82 | 101.20 | 2 | 5 |
| Science - Biology | 0 | 3 | 0 | 1 | 30 | 94 | 103.67 | 2 | 2 |
| Religion | 0 | 3 | 0 | 0 | 30 | 86 | 105.00 | 1 | 3 |
| Current Events | 0 | 2 | 0 | 0 | 20 | 74 | 85.00 | 1 | 2 |
| Fine Arts - Painting and Sculpture | 0 | 2 | 0 | 1 | 20 | 97 | 115.00 | 0 | 1 |
| Geography | 0 | 2 | 0 | 0 | 20 | 98 | 100.00 | 0 | 2 |
| History - American History | 0 | 2 | 1 | 0 | 15 | 73 | 83.00 | 2 | 2 |
| Philosophy | 0 | 1 | 0 | 0 | 10 | 121 | 121.00 | 0 | 1 |
| Fine Arts - Other Fine Arts | 0 | 1 | 0 | 0 | 10 | 104 | 104.00 | 0 | 1 |
| Fine Arts - Classical Music | 0 | 1 | 0 | 0 | 10 | 100 | 100.00 | 0 | 1 |
| Social Science | 0 | 1 | 1 | 0 | 5 | 105 | 105.00 | 1 | 1 |
| Pop Culture | 0 | 0 | 1 | 0 | -5 | 0.00 | 0 | 0 |